Catalog

Record Details

Catalog Search



Available copies

  • 2 of 2 copies available at LARL/NWRL Consortium.

Current holds

0 current holds with 2 total copies.

Show Only Available Copies
Location Call Number / Copy Notes Barcode Shelving Location Status Due Date
Godel Memorial-Warren Library j BRU (Text) 35500005021728 Main Available -
Greenbush Public Library j BRU (Text) 35500005021611 Main Available -

Record details

  • ISBN: 9781596436695
  • ISBN: 1596436697
  • ISBN: 9781596438156 (pbk.)
  • ISBN: 1596438150 (pbk.)
  • ISBN: 9781250079626
  • Physical Description: 142 p. : ill. ; 21 cm.
  • Edition: 1st ed.
  • Publisher: New York : Roaring Brook Press, 2012.

Content descriptions

General Note:
"A Neal Porter Book."
Formatted Contents Note:
Introduction: Old Kitty -- The primaries -- The ... Read More
Summary, etc.:
Kitty decides to run for President of the ... Read More
Subject: Politics, Practical > Fiction.
Elections > Fiction.
Cats > Fiction.
Cats > Juvenile fiction.
Politics, Practical > Juvenile fiction.
Elections > Juvenile fiction.
Politics > Fiction.
Elections > Fiction.
Cats > Fiction.
LDR 02158cam a2200517 a 4500
001138418
003LARL_NWRL_CONSORTIUM
00520230203221609.0
008110624s2012 nyua b 000 1 eng
010 . ‡a2011018401
020 . ‡a9781596436695
020 . ‡a1596436697
020 . ‡a9781596438156 (pbk.)
020 . ‡a1596438150 (pbk.)
020 . ‡a9781250079626 ‡q(paperback)
035 . ‡a(OCoLC)713186132
040 . ‡aDLC ‡beng ‡cDLC ‡dIG# ‡dBTCTA ‡dBUL ‡dJP3 ‡dBDX ‡dCD5 ‡dORX ‡dEHH
042 . ‡alcac ‡apcc
08200. ‡a[E] ‡223
1001 . ‡aBruel, Nick. ‡0(LARL_NWRL_CONSORTIUM)190926
24510. ‡aBad Kitty for president / ‡cNick Bruel.
250 . ‡a1st ed.
260 . ‡aNew York : ‡bRoaring Brook Press, ‡c2012.
300 . ‡a142 p. : ‡bill. ; ‡c21 cm.
4900 . ‡aBad Kitty chapter book ; ‡v5
500 . ‡a"A Neal Porter Book."
520 . ‡aKitty decides to run for President of the Neighborhood Cat Association.
5050 . ‡aIntroduction: Old Kitty -- The primaries -- The endorsement -- On the campaign trail -- Media and money -- The debate -- Election day! -- The results.
650 1. ‡aPolitics, Practical ‡vFiction.
650 1. ‡aElections ‡vFiction. ‡0(LARL_NWRL_CONSORTIUM)168407
650 1. ‡aCats ‡vFiction. ‡0(LARL_NWRL_CONSORTIUM)164102
650 0. ‡aCats ‡vJuvenile fiction. ‡0(LARL_NWRL_CONSORTIUM)164135
650 0. ‡aPolitics, Practical ‡vJuvenile fiction.
650 0. ‡aElections ‡vJuvenile fiction.
650 7. ‡aPolitics ‡vFiction. ‡2sears
650 7. ‡aElections ‡vFiction. ‡2sears ‡0(LARL_NWRL_CONSORTIUM)168407
650 7. ‡aCats ‡vFiction. ‡2sears ‡0(LARL_NWRL_CONSORTIUM)164102
901 . ‡a138418 ‡bOCLC ‡c138418 ‡tbiblio

Additional Resources